000 00856nam a22002897a 4500
001 BR9606929
003 BR-BrBNA
005 20230928095316.0
007 ta
008 230509b bl.||||| |||| 00| 0 por d
040 _aBR-BrBNA
_bpor
_cBiblioteca Nacional de Agricultura
041 _a(Por)
072 _aE70; U10
_b0150
090 _ 0150 BR9606929
100 1 _aConceicao, A.P. da
110 1 _aCentro de Ensino Unificado de Brasilia, DF (Brasil)
_0Tese (Mestre em Ciencias Economicas)
_91489
245 1 _aOferta de arroz irrigado no Rio Grande do Sul no periodo de 1975 a 1995
260 3 _aBrasilia, DF (Brasil):
_c1996.
300 _a78 p.
500 _a29 ref.
650 _aArroz Irrigado
650 _aOferta
650 _aModelo Matematico
650 _aRio Grande do Sul
909 _a202309
_bLucia
_c55
_dLucia Elande
942 _cBK
999 _c55794
_d55794